000 00325nam a2200121Ia 4500
008 190216s9999||||xx |||||||||||||| ||und||
100 _aChristopher J Moody & Gordon H Whitham
245 0 _aReactive Intermediates
260 _bOxford University Press
_c1995
300 _a90p
650 _aChemistry-Chemistry
942 _cBK
999 _c2984
_d2984